Whats the next line (Kanye Edition) - Statistics

General Stats
  • This quiz has been taken 1,238 times
  • The average score is 2 of 13
Answer Stats
Hint Answer % Correct
(Dark Fantasy) Tell me how do you respond to students? And refresh the page and restart the memory? Respark the soul and rebuild the energy? We stopped the ignorance, we killed the enemies Sorry for the night demons still visit me The plan was to drink until the pain over But what's worse, the pain or the hangover?
86%
(I Wonder) When you hop back in the car Drive back to the crib Run back to their arms The smokescreens The chokes and the screams You ever wonder what it all really means?
48%
(Everything I Am) I never rock a mink coat in the winter like Killa Cam Or rock some mink boots in the summer time like Will.I.Am Let me know if you feel it man Cause everything I'm not made me everything I am
36%
(Heard 'Em Say) But these [dudes] from the hood so these dreams not far Where I'm from the dope boys is the rock stars__________________________I guess they want us all behind bars - I know it But they can't cop cars without seeing cop cars
21%
(Devil In A New Dress) Why you standing there with your face screwed up? Don’t leave while you're hot that’s how Mase screwed up Throwing [stuff] around, the whole place screwed up Maybe I should call Mase so he could pray for us
15%
(We Major) Gon' be your whole family on that funeral line Asked the reverend was the strip clubs cool If my tips helped send a pretty girl through school That's all I want, like winos want they good whiskey I ain't in the Klan but I brought my hood with me
12%
(Celebration) But, I just thought you should know We hit the liquor store Got some Cris and some Mo And we about to let it floooooow
7%
(New God Flow) Like there the god go in his Murcielago From working McDonalds, barely paying the car note He even got enough to get his mama a condo Then they ran up and shot him right in front of his mom
4%
(Crack Music) How we stop the Black Panthers? Ronald Reagan cooked up an answer You hear that? What Gil Scott was hearing When our heroes or heroines got hooked on heroin Crack raised the murder rate in D.C. and Maryland
3%
(The New Workout Plan) All the mocha lattes you gotta do Pilates You gotta pop this tape in before you start back dating Hustlers, gangstas, all us ballas
3%
(The One) If you ever held a title belt you would know how Michael felt Tyson, Jackson, Jordan - Michael Phelps
3%
(Big Brother) I was always on the other side of the peephole Then I dropped "Jesus Walks" now I'm on the steeple And we know, "New Jack City" got to keep my brother But to be number one I'mma beat my brother
1%
(Marvin & Chardonnay) And I love how you look when you blazin’ And I swear you turn at least half Asian And we about to have a liaison She so cool, give head with her shades on
1%
No matching quizzes found
Score Distribution
Percent of People with Each Score
Percentile by Number Answered
Your Score History
You have not taken this quiz